Seminario sobre Políticas culturales en Chile
Uloženo v:
| Médium: | Kniha |
|---|---|
| Jazyk: | španělština |
| Vydáno: |
Santiago
Ministerio de Educación
1992
|
| Témata: | |
| Tagy: |
Přidat tag
Žádné tagy, Buďte první, kdo vytvoří štítek k tomuto záznamu!
|
MARC
| LEADER | 00000nam a2200000 a 4500 | ||
|---|---|---|---|
| 001 | UCR8337 | ||
| 003 | CL-VaPUC | ||
| 005 | 20220315074415.0 | ||
| 008 | 980529e19920000cl 1 spa d | ||
| 082 | 0 | 4 | |a 305 |b SEM |2 21 |
| 245 | 1 | 0 | |a Seminario sobre Políticas culturales en Chile |
| 260 | |a Santiago |b Ministerio de Educación |c 1992 | ||
| 300 | |a 164 p | ||
| 583 | |a last modification |c 19980529 00:00:00 |k Rodrigo Vera | ||
| 650 | 0 | 0 | |a Cultura |9 269059 |
| 650 | 0 | 0 | |a Política cultural |9 316492 |
| 650 | 0 | 0 | |a Televisión |9 256845 |
| 650 | 0 | 0 | |a Cine |9 225706 |
| 650 | 0 | 0 | |a Congresos |9 257560 |
| 651 | 7 | |a CHILE |2 CL-VaPUC |9 618978 | |
| 942 | |c BK | ||
| 945 | |a mvenant |d 19980529 00:00:00 | ||
| 546 | |a En Español | ||
| 536 | |a Ministerio de Educación | ||
| 518 | |p Seminario políticas culturales en Chile, Santiago, 31 de julio a 1 de agosto de 1992 | ||
| 999 | |c 383190 |d 383188 | ||
| 952 | |0 0 |1 0 |4 0 |6 305_000000000000000_SEM_1992 |7 0 |8 X |9 505237 |a FDOMLP |b FDOMLP |d 2020-01-23 |i 3425673 |o 305 SEM 1992 |p 3425673 |r 2020-01-23 |w 2020-01-23 |y BK_X |k BU2 | ||